[Event "MCR senioru 2013 - 70"]
[Site "?"]
[Date "2013.08.20"]
[Round "2.6"]
[White "Lapacek, Lubo?"]
[Black "Zamecnik, Bohumir"]
[Result "0-1"]
[WhiteElo "1381"]
[BlackElo "1894"]
[PlyCount "70"]

1. e4 c5 2. Nf3 Nc6 3. Nc3 e6 4. a3 d6 5. Bb5 a6 6. Bxc6+ bxc6 7. O-O e5 8. d3
g6 9. b3 Bg7 10. Rb1 a5 11. Na4 Ne7 12. c4 O-O 13. Bb2 f5 14. Nd2 f4 15. f3 g5
16. Qe2 Ng6 17. Nc3 Ra7 18. Nd1 Bf6 19. Nf2 h5 20. a4 Rg7 21. Bc3 Be6 22. Rbd1
Kf7 23. Qe1 g4 24. fxg4 hxg4 25. Nh1 Rh8 26. Nb1 Rgh7 27. Nf2 g3 28. hxg3 fxg3
29. Nh3 Bxh3 30. Qxg3 Nf4 31. Rxf4 exf4 32. Qxf4 Rg7 33. g3 Rhg8 34. Be1 Ke8
35. Rd2 Bg5 0-1

[Event "MCR senioru 2013 - 70"]
[Site "?"]
[Date "2013.08.20"]
[Round "2.7"]
[White "Prachar, Josef"]
[Black "Houska, Franti?ek"]
[Result "1-0"]
[WhiteElo "1888"]
[BlackElo "1338"]
[PlyCount "51"]

1. d4 d5 2. Nf3 Nc6 3. c4 e6 4. e3 Nf6 5. Nc3 Bb4 6. a3 Bxc3+ 7. bxc3 O-O 8.
Bd3 Re8 9. O-O e5 10. cxd5 Nxd5 11. Qc2 g6 12. c4 Nf6 13. dxe5 Nxe5 14. Nxe5
Rxe5 15. Bb2 Re6 16. Rad1 Qe7 17. Qc3 b6 18. f3 Bb7 19. Be4 Bxe4 20. fxe4 Kg7
21. Rxf6 Qxf6 22. Qxf6+ Rxf6 23. Rf1 Re8 24. Bxf6+ Kf8 25. e5 c5 26. Rd1 1-0

[Event "MCR senioru 2013 - 70"]
[Site "?"]
[Date "2013.08.20"]
[Round "2.9"]
[White "Stec, Franti?ek"]
[Black "Kuril, Rudolf"]
[Result "1-0"]
[WhiteElo "2017"]
[BlackElo "1518"]
[PlyCount "69"]

1. Nf3 Nf6 2. d4 d5 3. c4 e6 4. Nc3 c6 5. Bg5 Be7 6. e3 Nbd7 7. Qc2 O-O 8. a3
h6 9. Bh4 Nh7 10. Bd3 Ng5 11. Nxg5 Bxg5 12. Bg3 f5 13. cxd5 cxd5 14. Nb5 f4 15.
exf4 Bxf4 16. O-O Rf6 17. Bxf4 Rxf4 18. Nc7 Nb6 19. Nxa8 Nxa8 20. Rad1 Bd7 21.
g3 Rf8 22. Qc5 b6 23. Qd6 Nc7 24. f4 Ne8 25. Qe5 Nf6 26. h3 Qe8 27. Rfe1 Nh5
28. Kh2 Nf6 29. Rd2 Qh5 30. Qxh5 Nxh5 31. Bg6 Nf6 32. Rc2 Ne8 33. Bxe8 Rxe8 34.
Rc7 Rc8 35. Rxd7 1-0

[Event "MCR senioru 2013 - 70"]
[Site "?"]
[Date "2013.08.20"]
[Round "2.10"]
[White "Reichmann, Pavel"]
[Black "Pavlu, Jiri"]
[Result "1/2-1/2"]
[WhiteElo "1840"]
[BlackElo "1871"]
[PlyCount "20"]

1. e4 e5 2. Nf3 Nf6 3. Nxe5 d6 4. Nf3 Nxe4 5. d3 Nf6 6. Qe2+ Qe7 7. Nc3 Bg4 8.
Qxe7+ Bxe7 9. Be2 a6 10. O-O O-O 1/2-1/2

[Event "MCR senioru 2013 - 70"]
[Site "?"]
[Date "2013.08.20"]
[Round "2.11"]
[White "Sladek, Jaroslav"]
[Black "Glembek, Bohumir"]
[Result "0-1"]
[WhiteElo "1550"]
[BlackElo "1744"]
[PlyCount "110"]

1. e4 Nf6 2. d3 e5 3. Nf3 Nc6 4. Nc3 h6 5. Be2 Bb4 6. O-O d6 7. Nd5 Nxd5 8.
exd5 Ne7 9. a3 Bc5 10. c4 O-O 11. b4 Bb6 12. Nd2 f5 13. Nb3 c5 14. b5 a6 15. a4
axb5 16. axb5 Rxa1 17. Nxa1 f4 18. Nb3 Nf5 19. Bg4 Qg5 20. Bxf5 Bxf5 21. f3 Qg6
22. Rf2 Bxd3 23. Nd2 Ba5 24. Nb3 Bb4 25. Nd2 Ra8 26. Ne4 Bxe4 27. fxe4 Qxe4 28.
Qc2 Qxc2 29. Rxc2 Ra1 30. Kf2 g5 31. Kf3 Kg7 32. g4 fxg3 33. hxg3 h5 34. Bxg5
Ra3+ 35. Kg2 Ba5 36. Bc1 Rc3 37. Rxc3 Bxc3 38. Bg5 Ba5 39. Be7 Bc7 40. b6 Bxb6
41. Bxd6 Kf6 42. Kf3 Kf5 43. Ke3 e4 44. Bb8 Bd8 45. d6 Bg5+ 46. Ke2 Ke6 47. Kf2
Kd7 48. Ke2 Bf6 49. Ke3 Be5 50. Kxe4 Bxg3 51. Bc7 Bxd6 52. Ba5 Ke6 53. Bd8 Bg3
54. Kf3 h4 55. Kg4 Ke5 0-1

[Event "MCR senioru 2013 - 70"]
[Site "?"]
[Date "2013.08.20"]
[Round "2.12"]
[White "Majerik, Vladimir"]
[Black "Petrzelka, Karel"]
[Result "0-1"]
[WhiteElo "1887"]
[BlackElo "1890"]
[PlyCount "89"]

1. d4 d5 2. c4 e6 3. e3 Nf6 4. Nc3 Be7 5. Nf3 O-O 6. cxd5 exd5 7. h3 Bf5 8. Bd3
Bxd3 9. Qxd3 Nbd7 10. O-O c6 11. b3 Re8 12. Bb2 Bd6 13. Nd2 Bc7 14. Rfe1 c5 15.
Re2 cxd4 16. exd4 Rxe2 17. Nxe2 Nf8 18. Ba3 Qd7 19. Re1 Re8 20. Kf1 Ng6 21. Ng1
Nf4 22. Rxe8+ Qxe8 23. Qc2 Qb5+ 24. Ke1 Nxg2+ 25. Kd1 Qc6 26. Qf5 Qe6 27. Qxe6
fxe6 28. Ndf3 Nf4 29. Kd2 h6 30. Ne5 Bxe5 31. dxe5 Nd7 32. Ke3 g5 33. Kd4 Kf7
34. Bd6 Kg6 35. a4 Kf5 36. b4 h5 37. f3 Ng6 38. Ne2 Nf4 39. Ng1 h4 40. Ke3 Nxe5
41. Bxe5 Kxe5 42. b5 b6 43. Kd2 Kd4 44. Kc2 Ke3 45. Kd1 0-1

[Event "MCR senioru 2013 - 70"]
[Site "?"]
[Date "2013.08.20"]
[Round "3.1"]
[White "Mesiarik, Rudolf"]
[Black "Macura, Emil"]
[Result "0-1"]
[WhiteElo "2179"]
[BlackElo "1944"]
[PlyCount "76"]

1. Nf3 Nf6 2. c4 g6 3. Nc3 Bg7 4. g3 d6 5. d4 O-O 6. Bg2 Nbd7 7. O-O e5 8. Qc2
c6 9. Rd1 Qe7 10. b3 Rd8 11. Ba3 e4 12. Ng5 e3 13. f3 Nf8 14. Nge4 Bf5 15. Qc1
Bxe4 16. Qxe3 Ne6 17. Nxe4 Nxe4 18. Qxe4 f5 19. Qe3 f4 20. Qf2 c5 21. e3 fxe3
22. Qxe3 Bxd4 23. Rxd4 cxd4 24. Qe4 Qf7 25. Bb2 Rab8 26. Re1 Re8 27. Kf2 Qf5
28. f4 Qxe4 29. Bxe4 Nc5 30. Bd5+ Kf8 31. Rxe8+ Rxe8 32. Bxd4 b6 33. b4 Nd3+
34. Kf3 Nxb4 35. Be4 Nxa2 36. Bb1 Nb4 37. Bc3 Nc6 38. Be4 Na5 0-1

[Event "MCR senioru 2013 - 70"]
[Site "?"]
[Date "2013.08.20"]
[Round "3.2"]
[White "Zamecnik, Bohumir"]
[Black "Vitek, Vaclav"]
[Result "1/2-1/2"]
[WhiteElo "1894"]
[BlackElo "2043"]
[PlyCount "23"]

1. c4 Nf6 2. g3 d5 3. cxd5 Nxd5 4. Bg2 c6 5. Nc3 Nb6 6. d4 g6 7. Nf3 Bg7 8. O-O
O-O 9. e4 Bg4 10. Be3 Qc8 11. Rc1 Rd8 12. d5 1/2-1/2

[Event "MCR senioru 2013 - 70"]
[Site "?"]
[Date "2013.08.20"]
[Round "3.3"]
[White "Jacek, Miloslav"]
[Black "Prachar, Josef"]
[Result "1/2-1/2"]
[WhiteElo "2030"]
[BlackElo "1888"]
[PlyCount "29"]
[SourceDate "2013.08.20"]

1. e4 c5 2. Nf3 Nc6 3. Bb5 g6 4. Bxc6 bxc6 5. O-O Bg7 6. Re1 f6 7. c3 Nh6 8. d4
cxd4 9. cxd4 Nf7 10. Nc3 O-O 11. h3 d6 12. Be3 Bd7 13. Qd2 Kh8 14. Rad1 Qa5 15.
Kh2 1/2-1/2

[Event "MCR senioru 2013 - 70"]
[Site "?"]
[Date "2013.08.20"]
[Round "3.4"]
[White "Laszkiewicz, Jerzy"]
[Black "Stec, Frantisek"]
[Result "1-0"]
[WhiteElo "1971"]
[BlackElo "2017"]
[PlyCount "28"]
[EventDate "2013.??.??"]

1. e4 e5 2. Nf3 Nc6 3. Nc3 Nf6 4. Bb5 Bb4 5. O-O O-O 6. d3 d6 7. Bg5 Bg4 8. Nd5
Nd4 9. Nxb4 Nxb5 10. Nd5 Nd4 11. Qd2 Nxf3+ 12. gxf3 Be6 13. Nxf6+ gxf6 14. Bh6
Re8 1-0

[Event "MCR senioru 2013 - 70"]
[Site "?"]
[Date "2013.08.20"]
[Round "3.5"]
[White "Glembek, Bohumir"]
[Black "Blazek, Jaroslav"]
[Result "1-0"]
[WhiteElo "1744"]
[BlackElo "1687"]
[PlyCount "123"]
[EventDate "2013.??.??"]
[SourceDate "2013.08.20"]

1. d4 d5 2. c4 c6 3. cxd5 cxd5 4. Nc3 e6 5. Nf3 Nf6 6. Bg5 h6 7. Bh4 Be7 8. e3
O-O 9. Bd3 Ne8 10. Bxe7 Qxe7 11. Rc1 Nc6 12. a3 f5 13. b4 Nd6 14. Na4 Ne4 15.
Nc5 Rb8 16. Bb5 Nd8 17. Ne5 Nxc5 18. Rxc5 Qd6 19. Qc2 Nf7 20. Ng6 Rd8 21. Rc7
Bd7 22. Bxd7 Rxd7 23. Rc8+ Rd8 24. Rxb8 Rxb8 25. O-O Kh7 26. Nf4 g5 27. Nd3 Qc6
28. Rc1 Rc8 29. Qxc6 Rxc6 30. Rxc6 bxc6 31. Nc5 Nd8 32. Kf1 Kg6 33. g3 Kf6 34.
Nd7+ Ke7 35. Ne5 Kd6 36. Ke2 Kc7 37. Kd3 Kb6 38. Kc3 a5 39. f3 h5 40. h4 gxh4
41. gxh4 Nb7 42. Kb3 axb4 43. Kxb4 Nd6 44. a4 Nb7 45. Nd7+ Kc7 46. Nc5 Nd8 47.
a5 Kb8 48. Nd7+ Kb7 49. Nf6 Nf7 50. Nxh5 e5 51. Ng3 f4 52. exf4 exd4 53. Nf5 d3
54. Kc3 Ka6 55. Kxd3 Kxa5 56. Kd4 Kb5 57. h5 Kb4 58. h6 Nxh6 59. Nxh6 c5+ 60.
Kxd5 c4 61. Nf5 c3 62. Nd4 1-0

[Event "MCR senioru 2013 - 70"]
[Site "?"]
[Date "2013.08.20"]
[Round "3.6"]
[White "Abraham, Karel"]
[Black "Zikmund, Jaroslav"]
[Result "1-0"]
[WhiteElo "1779"]
[BlackElo "1892"]
[PlyCount "99"]
[EventDate "2013.??.??"]

1. e4 c5 2. c3 e6 3. Nf3 Nc6 4. d4 cxd4 5. cxd4 Bb4+ 6. Nc3 d5 7. e5 Nge7 8.
Bd3 Ng6 9. O-O Nh4 10. a3 Nxf3+ 11. Qxf3 Nxd4 12. Qg4 Bxc3 13. bxc3 Nf5 14.
Bxf5 exf5 15. Qxg7 Kd7 16. Qxf7+ Kc6 17. e6 Qe8 18. Qxf5 Bxe6 19. Qc2 Qh5 20.
Bf4 a6 21. Rfe1 Bf5 22. Qa4+ b5 23. Qa5 Qf7 24. Qb4 Rhe8 25. Qd6+ Kb7 26. Be3
Qe6 27. Qc5 Qc6 28. Qd4 Qe6 29. Bd2 Qd7 30. Be3 Qe6 31. Rad1 Bc2 32. Qxd5+ Qxd5
33. Rxd5 Rad8 34. Rxd8 Rxd8 35. Bd4 Kc6 36. Re6+ Rd6 37. Rxd6+ Kxd6 38. Kf1 Kd5
39. Ke2 Kc4 40. Kd2 Bg6 41. g4 Kd5 42. f3 Bb1 43. h4 Ke6 44. f4 Be4 45. Ke3 Bg2
46. f5+ Kf7 47. Kf4 Bd5 48. g5 Bb3 49. h5 Bd1 50. g6+ 1-0

[Event "MCR senioru 2013 - 70"]
[Site "?"]
[Date "2013.08.20"]
[Round "3.7"]
[White "Petrzelka, Karel"]
[Black "Kosek, Lubomir"]
[Result "1/2-1/2"]
[WhiteElo "1890"]
[BlackElo "1784"]
[PlyCount "50"]
[EventDate "2013.??.??"]

1. d4 Nf6 2. Nc3 g6 3. e4 c6 4. e5 Nd5 5. Nxd5 cxd5 6. f4 d6 7. Nf3 Bg7 8. Bd3
O-O 9. O-O Nc6 10. c3 Rb8 11. Be3 b5 12. Qe2 b4 13. c4 dxc4 14. Bxc4 d5 15. Bd3
e6 16. Rac1 Qb6 17. Rc5 Bd7 18. g4 Ne7 19. Rfc1 Rfc8 20. Kf2 Rxc5 21. Rxc5 Rc8
22. Rxc8+ Bxc8 23. Nh4 Qd8 24. Kg3 Qc7 25. Qc2 Qxc2 1/2-1/2

[Event "MCR senioru 2013 - 70"]
[Site "?"]
[Date "2013.08.20"]
[Round "3.8"]
[White "Folta, Jaroslav"]
[Black "Strakos, Tomas"]
[Result "0-1"]
[WhiteElo "1877"]
[BlackElo "1779"]
[PlyCount "110"]
[SourceDate "2013.08.20"]

1. d4 Nf6 2. Bf4 g6 3. c3 d5 4. e3 Bg7 5. h3 O-O 6. Nf3 b6 7. Nbd2 c5 8. Be2
Ba6 9. O-O Qc8 10. Re1 Bxe2 11. Qxe2 Qa6 12. Qd1 Nc6 13. Ne5 Rac8 14. Bh2 Nxe5
15. Bxe5 Nd7 16. Bxg7 Kxg7 17. Nf3 Nf6 18. Ne5 e6 19. a3 c4 20. f3 Qb7 21. g4
Nd7 22. f4 Nxe5 23. fxe5 Qe7 24. Rf1 Qh4 25. Qf3 f5 26. exf6+ Rxf6 27. Qxf6+
Qxf6 28. Rxf6 Kxf6 29. Rf1+ Ke7 30. g5 Rf8 31. Rf4 Rf5 32. h4 Kd6 33. Kf2 Kc6
34. Kf3 Kd6 35. e4 dxe4+ 36. Kxe4 Rxf4+ 37. Kxf4 Kd5 38. Kf3 b5 39. Ke3 e5 40.
dxe5 Kxe5 41. Kf3 Kf5 42. Ke3 Kg4 43. a4 bxa4 44. Kd4 Kxh4 45. Kxc4 Kxg5 46.
Kd4 Kf6 47. Kd5 Ke7 48. Kc6 h5 49. c4 h4 50. c5 h3 51. b3 axb3 52. Kc7 b2 53.
c6 h2 54. Kc8 b1=B 55. c7 Bf5+ 0-1

[Event "MCR senioru 2013 - 70"]
[Site "?"]
[Date "2013.08.20"]
[Round "3.9"]
[White "Jedlicka, Eduard"]
[Black "Neubauer, Vilem"]
[Result "0-1"]
[WhiteElo "1710"]
[BlackElo "1873"]
[PlyCount "98"]
[EventDate "2013.??.??"]

1. d4 g6 2. Nf3 Bg7 3. c4 d6 4. e3 Bg4 5. Be2 f5 6. Qb3 b6 7. h3 Bxf3 8. Bxf3
c6 9. O-O Nf6 10. Nc3 O-O 11. a4 Kh8 12. Qd1 a5 13. e4 fxe4 14. Nxe4 Nxe4 15.
Bxe4 d5 16. cxd5 cxd5 17. Bf3 Nc6 18. Be3 Qd7 19. b3 Rad8 20. Bg4 Qd6 21. Qd2
e5 22. dxe5 Nxe5 23. Rad1 Nxg4 24. hxg4 d4 25. Bg5 Rd7 26. Qd3 h6 27. Bh4 g5
28. Bg3 Qd5 29. Rfe1 Rdf7 30. f3 Rc8 31. Rc1 Rxc1 32. Rxc1 Qe6 33. Bf2 Rf4 34.
Rc4 Qd5 35. Rc8+ Bf8 36. Be3 Qe6 37. Bxd4+ Kg8 38. Qc4 Qxc4 39. Rxc4 Rxd4 40.
Rxd4 Bc5 41. Kf2 Bxd4+ 42. Ke2 Kf7 43. Kd3 Bc5 44. Ke4 Ke6 45. g3 Bf2 46. f4
Bxg3 47. f5+ Kf6 48. Kf3 Bd6 49. Ke4 Bc5 0-1

[Event "MCR senioru 2013 - 70"]
[Site "?"]
[Date "2013.08.20"]
[Round "3.10"]
[White "Pavlu, Jiri"]
[Black "Zeleny, Frantisek"]
[Result "1-0"]
[WhiteElo "1871"]
[BlackElo "1582"]
[PlyCount "119"]
[EventDate "2013.??.??"]
[SourceDate "2013.08.20"]

1. d4 d5 2. c4 c6 3. Nc3 Nf6 4. Nf3 Bf5 5. e3 e6 6. cxd5 exd5 7. Bd3 Bxd3 8.
Qxd3 Be7 9. O-O Nbd7 10. a3 c5 11. Qf5 g6 12. Qc2 a6 13. dxc5 Nxc5 14. b4 Ne6
15. Bb2 O-O 16. Rfd1 Rc8 17. Qd3 Nc7 18. Rac1 b5 19. Ne2 Ne6 20. Ne5 Rxc1 21.
Rxc1 Qa8 22. Nc6 Qb7 23. Qc3 Kg7 24. Nxe7 Qxe7 25. Nd4 Nxd4 26. Qxd4 Rd8 27. h3
Rd6 28. Qc5 Kh6 29. Bxf6 Qxf6 30. Rd1 Qd8 31. Qd4 f5 32. Qf4+ Kg7 33. Rc1 Qd7
34. Qe5+ Kh6 35. Qd4 Rc6 36. Rd1 Rd6 37. f3 Qc6 38. Qf4+ Kg7 39. e4 Qb6+ 40.
Kh2 d4 41. exf5 Rf6 42. Rxd4 Rxf5 43. Rd7+ Kg8 44. Qd6 Qxd6+ 45. Rxd6 a5 46.
bxa5 Rf4 47. Rd5 Ra4 48. Rxb5 Rxa3 49. h4 Kg7 50. f4 Ra4 51. g3 Ra2+ 52. Kh3 h5
53. f5 Ra1 54. fxg6 Kxg6 55. Rb6+ Kf5 56. Rh6 Ke4 57. Rxh5 Kf3 58. Rf5+ Ke4 59.
Kg4 Ra3 60. Rh5 1-0

[Event "MCR senioru 2013 - 50"]
[Site "?"]
[Date "2013.08.20"]
[Round "4.1"]
[White "Humlicek, Vojtech"]
[Black "Urban, Zdenek"]
[Result "1-0"]
[WhiteElo "1952"]
[BlackElo "2124"]
[PlyCount "109"]

1. e4 d6 2. d4 Nf6 3. Nc3 Nbd7 4. Nf3 e5 5. Bc4 Be7 6. O-O O-O 7. h3 c6 8. a4
a5 9. Re1 h6 10. Be3 Re8 11. Qe2 Qc7 12. Rad1 Nf8 13. Rd2 exd4 14. Nxd4 Nxe4
15. Bxf7+ Kxf7 16. Nxe4 d5 17. Qf3+ Kg8 18. Ng3 Bf6 19. Rde2 Qf7 20. c3 Ng6 21.
Ngf5 Nh4 22. Nxh4 Bxh4 23. Qxf7+ Kxf7 24. Nf3 Bf6 25. Bd4 Rxe2 26. Rxe2 Bf5 27.
Bxf6 Kxf6 28. Nd4 Bd7 29. f4 c5 30. Nb5 Bxb5 31. axb5 a4 32. Re5 Rd8 33. g3 b6
34. Kf2 d4 35. c4 d3 36. Ke1 Rd4 37. Re3 Rxc4 38. Rxd3 Ke6 39. Re3+ Kd5 40. Re7
Rb4 41. Rxg7 Rxb5 42. f5 Rxb2 43. Ra7 Ke5 44. g4 Rb4 45. Re7+ Kf6 46. Re6+ Kg7
47. Re7+ Kf8 48. Ra7 b5 49. Kd2 Rd4+ 50. Ke3 Rb4 51. f6 Rb3+ 52. Kf4 Rxh3 53.
Kf5 Rd3 54. Kg6 Rd8 55. Rh7 1-0

[Event "MCR senioru 2013 - 50"]
[Site "?"]
[Date "2013.08.20"]
[Round "4.2"]
[White "Lorenc, Oldrich"]
[Black "Nemec, Otakar"]
[Result "1-0"]
[WhiteElo "2137"]
[BlackElo "1919"]
[PlyCount "71"]
[EventDate "2013.??.??"]

1. c4 Nf6 2. Nc3 d5 3. cxd5 Nxd5 4. g3 g6 5. Bg2 Nxc3 6. bxc3 Bg7 7. Qb3 Nd7 8.
d4 c6 9. Nf3 O-O 10. O-O Nb6 11. e4 Be6 12. Qc2 Bc4 13. Rd1 e6 14. a4 Re8 15.
Rb1 Ba6 16. Bf4 Qe7 17. Qb3 h6 18. Bf1 Bxf1 19. Kxf1 g5 20. Be3 Rab8 21. a5 Nd7
22. c4 Rec8 23. h3 Bf8 24. Nd2 Bg7 25. Qd3 Rc7 26. Rdc1 Rbc8 27. Kg2 Qe8 28. f4
f6 29. g4 Qe7 30. Re1 Qf7 31. Nf3 e5 32. dxe5 fxe5 33. fxg5 h5 34. gxh5 Qxh5
35. Qd6 Bf8 36. Nxe5 1-0

[Event "MCR senioru 2013 - 50"]
[Site "?"]
[Date "2013.08.20"]
[Round "4.4"]
[White "Habada, Jindrich"]
[Black "Malinovsky, Petr"]
[Result "0-1"]
[WhiteElo "1886"]
[BlackElo "1980"]
[PlyCount "72"]
[EventDate "2013.??.??"]

1. e4 c5 2. Nc3 e6 3. Nf3 Nc6 4. d4 cxd4 5. Nxd4 Nf6 6. Be3 Bb4 7. Bd3 d5 8.
O-O Bxc3 9. bxc3 dxe4 10. Bb5 Bd7 11. f3 Nd5 12. Bd2 e3 13. Be1 Nxd4 14. Bxd7+
Qxd7 15. Qxd4 O-O 16. Rb1 Rfd8 17. Bh4 f6 18. Rfd1 e5 19. Qe4 Qc6 20. Rd3 e2
21. Be1 Nf4 22. Qxc6 bxc6 23. Rxd8+ Rxd8 24. Rb7 Rd1 25. Kf2 Nxg2 26. Kxg2 Rxe1
27. Kf2 Rc1 28. Kxe2 Rxc2+ 29. Kd3 Rxa2 30. Kc4 Ra6 31. Kc5 h5 32. c4 g5 33.
Rc7 g4 34. fxg4 hxg4 35. Rxc6 Rxc6+ 36. Kxc6 e4 0-1

[Event "MCR senioru 2013 - 50"]
[Site "?"]
[Date "2013.08.20"]
[Round "4.5"]
[White "Vlachopulos, Georgis"]
[Black "Korinkova, Eva"]
[Result "1-0"]
[WhiteElo "1971"]
[BlackElo "1775"]
[PlyCount "103"]
[EventDate "2013.??.??"]

1. e4 c5 2. Nc3 g6 3. d4 cxd4 4. Qxd4 Nf6 5. e5 Nc6 6. Qf4 Nh5 7. Qe3 d5 8.
exd6 Qxd6 9. Nb5 Qd8 10. Nf3 Bg7 11. Bc4 O-O 12. O-O a6 13. Nc3 Nf6 14. h3 Qc7
15. a3 Bd7 16. Re1 e6 17. Qg5 Nh5 18. Be2 Bf6 19. Qe3 Rad8 20. Ne4 Bg7 21. c3
Nf6 22. Nxf6+ Bxf6 23. Qh6 Bg7 24. Qh4 f6 25. Bc4 Rfe8 26. Be3 Bc8 27. Rad1 Ne7
28. Qe4 Qc6 29. Qxc6 Nxc6 30. Rxd8 Nxd8 31. Bb6 Nf7 32. Nd4 e5 33. Bb3 Bd7 34.
Nf3 Be6 35. Ba4 Rc8 36. Rd1 Rc4 37. Bd7 Bf5 38. Bxf5 gxf5 39. Rd7 e4 40. Nd4 f4
41. Nf5 Bh6 42. Rxf7 Kxf7 43. Nd6+ Ke6 44. Nxc4 Kd5 45. b3 f5 46. Bd4 b5 47.
Nb2 e3 48. Kf1 Bf8 49. b4 Bh6 50. Ke2 Ke4 51. Nd3 Bg5 52. Nc5+ 1-0

[Event "MCR senioru 2013 - 50"]
[Site "?"]
[Date "2013.08.20"]
[Round "4.6"]
[White "Mares, Ilja"]
[Black "Kubelova, Sona"]
[Result "0-1"]
[WhiteElo "1817"]
[BlackElo "1711"]
[PlyCount "64"]
[EventDate "2013.??.??"]

1. Nf3 d5 2. g3 c5 3. Bg2 Nc6 4. O-O e5 5. d3 Nf6 6. Nc3 d4 7. Nb1 Be7 8. c4
O-O 9. Na3 a6 10. Nc2 Rb8 11. Bd2 b5 12. cxb5 axb5 13. b3 Bb7 14. a4 bxa4 15.
bxa4 Nd7 16. Na3 f5 17. Qc1 e4 18. Ne1 Nce5 19. Qc2 exd3 20. Nxd3 Bxg2 21. Kxg2
Nxd3 22. exd3 Ne5 23. Bf4 Qd5+ 24. f3 Ng4 25. Nc4 Rbe8 26. h3 Nf6 27. a5 Nh5
28. Nb6 Nxf4+ 29. gxf4 Qc6 30. Qc4+ Kh8 31. Rae1 Qg6+ 32. Kf2 Bh4# 0-1

[Event "MCR senioru 2013 - 50"]
[Site "?"]
[Date "2013.08.20"]
[Round "4.7"]
[White "Zoufaly, Petr"]
[Black "Peroutka, Ivo"]
[Result "1/2-1/2"]
[WhiteElo "1716"]
[BlackElo "1919"]
[PlyCount "108"]
[EventDate "2013.??.??"]

1. d4 e6 2. c4 d5 3. e3 Nf6 4. Nf3 a6 5. Bd3 dxc4 6. Bxc4 b5 7. Bd3 Bb7 8. O-O
Nbd7 9. Qe2 c5 10. b3 Qc7 11. Bb2 Ng4 12. Nbd2 cxd4 13. Rfc1 Qb8 14. Bxd4 Bd6
15. h3 Ngf6 16. Bb2 O-O 17. a4 e5 18. Ng5 h6 19. Nge4 Nxe4 20. Nxe4 bxa4 21.
Nxd6 Qxd6 22. Ba3 Qd5 23. e4 Qxb3 24. Bxf8 Nxf8 25. Rcb1 Qc3 26. Rxa4 Qc6 27.
Rab4 Bc8 28. Rb6 Qc7 29. Qb2 Nd7 30. Rb3 Qd6 31. Qa3 Qg6 32. Qe7 Qg5 33. Qe8+
Kh7 34. Bc4 Nc5 35. Rg3 Qf6 36. Rf3 Qg5 37. Bxf7 Bxh3 38. Bg6+ Qxg6 39. Qxg6+
Kxg6 40. Rxh3 Nxe4 41. Re3 Nf6 42. Rxe5 Ra7 43. Ra1 h5 44. Raa5 Rb7 45. Rxa6
Kf7 46. f3 Rc7 47. Rf5 Kg6 48. Rb5 Rd7 49. Kf2 Rc7 50. Kg3 Rd7 51. Kf4 Rd4+ 52.
Ke3 Rd7 53. g3 Kf7 54. Rxf6+ Kxf6 1/2-1/2

[Event "MCR senioru 2013 - 50"]
[Site "?"]
[Date "2013.08.20"]
[Round "4.8"]
[White "Cvejn, Jaroslav"]
[Black "Zamarska, Dagmar"]
[Result "1-0"]
[WhiteElo "1746"]
[BlackElo "1486"]
[PlyCount "102"]
[EventDate "2013.??.??"]

1. e4 c5 2. Nf3 Nc6 3. Nc3 d6 4. d4 cxd4 5. Nxd4 e6 6. Bc4 Nf6 7. Nxc6 bxc6 8.
O-O Be7 9. Bb3 O-O 10. Bg5 h6 11. Bh4 e5 12. h3 Nd7 13. Bxe7 Qxe7 14. a3 Nf6
15. Qe2 a5 16. Rfd1 Be6 17. Bxe6 Qxe6 18. Re1 Rab8 19. b3 Qc8 20. Rad1 Rd8 21.
Rd2 Ra8 22. Red1 Ne8 23. Qe3 Rb8 24. Na4 Qa6 25. Nb2 Rb7 26. a4 Rbd7 27. Qc3 f6
28. Qc4+ Qxc4 29. Nxc4 Ra7 30. Nxd6 Rad7 31. Nc4 Rxd2 32. Rxd2 Rxd2 33. Nxd2
Nd6 34. Kf1 Kf7 35. Ke2 Ke7 36. Kd3 Kd7 37. Nc4 Nxc4 38. Kxc4 Kc7 39. Kc5 Kb7
40. c3 Kc7 41. b4 axb4 42. cxb4 Kb7 43. a5 g6 44. Kd6 h5 45. a6+ Kxa6 46. Kxc6
Ka7 47. Kd6 Kb6 48. Ke6 f5 49. exf5 gxf5 50. Kxe5 Kb5 51. Kxf5 Kxb4 1-0

[Event "MCR senioru 2013 - 50"]
[Site "?"]
[Date "2013.08.20"]
[Round "4.9"]
[White "Volfova, Milena"]
[Black "Plachetka, Milan"]
[Result "0-1"]
[WhiteElo "1683"]
[BlackElo "1623"]
[PlyCount "88"]
[EventDate "2013.??.??"]

1. e4 c5 2. Nf3 Nc6 3. Bc4 e6 4. a3 d5 5. exd5 exd5 6. Bb5 Bd7 7. O-O Nf6 8. d3
Be7 9. Bg5 O-O 10. Bxc6 Bxc6 11. Nbd2 h6 12. Bxf6 Bxf6 13. Rb1 Re8 14. Re1 Qd7
15. Nb3 b6 16. Qd2 d4 17. Qf4 Re6 18. Rxe6 fxe6 19. Re1 Rf8 20. Nbd2 Bd5 21.
Qg4 Qd6 22. Ne4 Qe7 23. Qh5 Kh7 24. Ng3 Bxf3 25. Qxf3 g6 26. Qe4 e5 27. Nh5 Bh8
28. Nf4 Qf6 29. Nh3 Bg7 30. Rf1 Qe6 31. f4 Qf7 32. b3 Kh8 33. g4 Qf6 34. g5
hxg5 35. Nxg5 exf4 36. Qg2 Bh6 37. Ne4 Qe6 38. Rf3 g5 39. Rh3 g4 40. Rh4 f3 41.
Qg3 Rg8 42. Rxh6+ Qxh6 43. Qe5+ Rg7 44. Qe8+ Kh7 0-1

[Event "MCR senioru 2013 - 50"]
[Site "?"]
[Date "2013.08.21"]
[Round "5.1"]
[White "Malinovsky, Petr"]
[Black "Humlicek, Vojtech"]
[Result "1/2-1/2"]
[WhiteElo "1980"]
[BlackElo "1952"]
[PlyCount "78"]

1. d4 Nf6 2. c4 e6 3. Nc3 d5 4. cxd5 exd5 5. Bg5 Be7 6. e3 O-O 7. Qc2 h6 8. Bh4
c6 9. Bd3 Re8 10. Nge2 Ne4 11. Bxe7 Qxe7 12. O-O Nd7 13. Rae1 Ndf6 14. f3 Nxc3
15. Nxc3 Qd6 16. a3 Re7 17. Qf2 c5 18. dxc5 Qxc5 19. e4 Qxf2+ 20. Kxf2 dxe4 21.
Nxe4 Nxe4+ 22. Rxe4 Be6 23. Bc4 Rc7 24. Bxe6 Rc2+ 25. Re2 Rxe2+ 26. Kxe2 Re8
27. Kd3 Rxe6 28. Rf2 g5 29. Rc2 b5 30. Re2 Rd6+ 31. Kc3 Kg7 32. Kb4 a6 33. Kc5
Rd3 34. Kb6 Rd6+ 35. Kc5 Rd3 36. Rc2 h5 37. Kb6 Rd6+ 38. Kc5 Rd3 39. Re2 h4
1/2-1/2

[Event "MCR senioru 2013 - 50"]
[Site "?"]
[Date "2013.08.21"]
[Round "5.2"]
[White "Urban, Zdenek"]
[Black "Lorenc, Oldrich"]
[Result "1-0"]
[WhiteElo "2124"]
[BlackElo "2137"]
[PlyCount "55"]
[TimeControl "240+2"]

1. c4 e5 2. g3 Nc6 3. Bg2 g6 4. Nc3 Bg7 5. Nf3 Nge7 6.
O-O O-O 7. Nd5 Nf5 8. e3 a5 9. d3 b6 10. Bd2 Bb7 11. Bc3 d6 12. d4 exd4 13.
exd4 Rb8 14. Qd3 Nb4 15. Bxb4 Bxd5 16. Bc3 Bb7 17. d5 Re8 18. Rfe1 h5 19. Rxe8+
Qxe8 20. Re1 Qf8 21. Bh3 Bc8 22. Ng5 Bxc3 23. Qxc3 Ng7 24. Bxc8 Rxc8 25. Ne4
Ne8 26. Qf3 Qg7 27. Ng5 f6 28. Qe4 1-0

[Event "MCR senioru 2013 - 50"]
[Site "?"]
[Date "2013.08.21"]
[Round "5.3"]
[White "Masek, Jan"]
[Black "Vlachopulos, Georgis"]
[Result "0-1"]
[WhiteElo "1959"]
[BlackElo "1971"]
[PlyCount "132"]

1. e4 g6 2. d4 Bg7 3. f4 d6 4. Nf3 Bg4 5. Be2 Bxf3 6. Bxf3 Nc6 7. c3 e5 8. fxe5
dxe5 9. d5 Nce7 10. Be3 Nf6 11. Qd2 h6 12. Na3 Nc8 13. c4 Nd6 14. Qc2 b6 15.
O-O O-O 16. Rad1 Nd7 17. Nb5 Nxb5 18. cxb5 Nf6 19. Rc1 Ne8 20. Qc6 a6 21. bxa6
Rxa6 22. a3 Ra7 23. Rc2 Nd6 24. Bf2 h5 25. Re1 Bh6 26. Bg3 Qe7 27. Qc3 Bg7 28.
Qe3 Kh7 29. Qf2 Bh6 30. h4 Bg7 31. Qd2 Bf6 32. Qf2 Nb5 33. Rc4 Rd8 34. Kh2 Bg7
35. Qe3 Bh6 36. Qd3 Nd6 37. Rc6 Rd7 38. Bf2 Ne8 39. g4 Bf4+ 40. Kh1 hxg4 41.
Bxg4 Rd6 42. Kg2 Nf6 43. Bf3 Ra8 44. Rh1 Rg8 45. Kf1 Qd7 46. Qc2 Ne8 47. Ke2
Kg7 48. Rg1 Rh8 49. Bg4 Qe7 50. h5 g5 51. Rd1 Rhh6 52. Rc4 Qd8 53. Rg1 Qa8 54.
Rd1 Nf6 55. Bf3 g4 56. Rg1 Rxh5 57. Bxg4 Rg5 58. Bf3 Rxg1 59. Bxg1 Ne8 60. Bf2
Rh6 61. Qa4 Qd8 62. Rc2 Nd6 63. Qa7 Nb5 64. Qb7 Nd4+ 65. Bxd4 exd4 66. Qxc7
Bxc7 0-1

[Event "MCR senioru 2013 - 50"]
[Site "?"]
[Date "2013.08.21"]
[Round "5.4"]
[White "Kubelova, Sona"]
[Black "Chladek, Vaclav"]
[Result "0-1"]
[WhiteElo "1711"]
[BlackElo "2065"]
[PlyCount "68"]

1. d4 d5 2. c4 c6 3. Nc3 Nf6 4. e3 a6 5. a3 Bf5 6. cxd5 cxd5 7. Bd3 Bxd3 8.
Qxd3 e6 9. Nge2 Bd6 10. O-O O-O 11. f3 Qc7 12. h3 Nc6 13. e4 e5 14. exd5 Nxd4
15. Kh1 Nxe2 16. Qxe2 Nh5 17. Qf2 f5 18. Qh4 Qf7 19. Rd1 Rac8 20. Bd2 b5 21.
Qe1 Rce8 22. Kg1 Qf6 23. Qf2 e4 24. fxe4 Qe5 25. g3 fxe4 26. Qg2 Rf3 27. Be1
Ref8 28. Ne2 Bc5+ 29. Kh1 Rf1+ 30. Kh2 R1f2 31. Bxf2 Rxf2 32. Rac1 Rxe2 33.
Qxe2 Qxg3+ 34. Kh1 Qxh3+ 0-1